Normal view
MARC view
- Syed Ahmad Semait
Entry Personal Name
001 - CONTROL NUMBER
- control field: 1527
003 - CONTROL NUMBER IDENTIFIER
- control field: OSt
005 - DATE AND TIME OF LATEST TRANSACTION
- control field: 20170505083535.0
008 - FIXED-LENGTH DATA ELEMENTS
- fixed length control field: 170505|| aca||aabn | a|a d
040 ## - CATALOGING SOURCE
- Original cataloging agency: OSt
- Transcribing agency: OSt
100 ## - HEADING--PERSONAL NAME
- Personal name: Syed Ahmad Semait
670 ## - SOURCE DATA FOUND
- Source citation: Work cat.: (OSt)0: Alhusaini, Taqiyuddin Abubakar bin Muhammad 1524, Kifayatul akhyar = kelengkapan orang saleh /, 1993

PORTAL AKMAL
E-MEL JKDM
AKMAL2U
G-BAM
u-PUSTAKA